[Event "UKR-ch Women 2020"]
[Site "Kherson"]
[Date "2020.12.11"]
[Round "6.5"]
[White "Hrebenshchykova, Yelyzaveta"]
[Black "Zinkevich, Julia"]
[Result "1-0"]
[WhiteElo "2083"]
[BlackElo "2178"]
[Annotator "TA"]
[PlyCount "61"]
[EventDate "2020.12.06"]
[EventType "swiss"]
[EventCountry "UKR"]
[SourceTitle "playchess.com"]
[Source "ChessBase"]
[SourceQuality "1"]

{[%evp 9,61,37,44,45,61,38,55,48,45,36,42,42,120,114,115,93,112,71,111,65,79,31,78,86,124,79,99,101,100,100,178,133,136,128,163,158,299,312,525,515,1150,1115,1419,1416,1384,1369,1615,1337,1470,1431,1727,1706,29985,29986]} 1. e4 e6 2. d4 d5 3. Nd2 dxe4 4. Nxe4 Qd5 5. Qd3 Nf6 6. Nxf6+ {C10: French with 3 Nc3: Unusual Black 3rd moves and 3...dxe4.} gxf6 7. Nf3 Nc6 8. a3 {White is slightly better.} Bd7 {[#]} 9. c4 $146 ({Predecessor:} 9. Bd2 O-O-O 10. c4 Qh5 11. O-O-O e5 12. d5 Nb8 13. Be2 Qg6 14. Nh4 Qxd3 15. Bxd3 {1-0 (41) Janszak,D (2291)-Welz,P (2156) Germany 2006}) 9... Qh5 10. Be3 Bg7 ({Black should play} 10... O-O-O $14) 11. Be2 $16 Qg6 12. Qb3 b6 (12... Qxg2 $2 13. Rg1 $18) 13. h4 h5 ({Avoid the trap} 13... Qxg2 $2 14. Rg1 $18) 14. Bd3 f5 $1 ({Not} 14... Qxg2 $2 15. Ke2 $18) 15. O-O-O Bf6 16. Be2 Qg7 ({Don't go for} 16... Qxg2 $2 17. Rhg1 $18) 17. g3 Rd8 18. Bg5 Na5 19. Qc2 Nb7 (19... Bc6 $16) 20. Bxf6 Qxf6 21. Ne5 c5 22. f4 {[#] And now Bf3 would win.} cxd4 (22... O-O $16 {keeps fighting.}) 23. Rxd4 $18 {aiming for Rhd1.} Nc5 $2 (23... Bc8) 24. Rhd1 Qe7 (24... Qg7 $142 25. Nxd7 Qxg3 26. Nxc5 Qe3+ 27. R4d2 bxc5 28. Qa4+ Kf8 29. Qxa7 Kg7) 25. b4 f6 26. Ng6 Qh7 27. Nxh8 Ne4 28. Bf3 Qxh8 29. Bxe4 fxe4 30. Qxe4 {Rxd7! would kill now.} Qg8 {[#]} 31. Rxd7 $1 {Weighted Error Value: White=0.13/Black=0.66} 1-0

[Event "UKR-ch Women 2020"]
[Site "Kherson"]
[Date "2020.12.11"]
[Round "6.6"]
[White "Grigorchuk, Katerina"]
[Black "Doluhanova, Evgeniya"]
[Result "0-1"]
[WhiteElo "1767"]
[BlackElo "2229"]
[Annotator "TA"]
[PlyCount "62"]
[EventDate "2020.12.06"]
[EventType "swiss"]
[EventCountry "UKR"]
[SourceTitle "playchess.com"]
[Source "ChessBase"]
[SourceQuality "1"]

{[%evp 9,62,39,30,26,50,13,18,0,0,0,25,31,33,30,37,-16,-5,-12,22,-33,-27,-27,-31,-22,11,-64,-22,-50,-43,-203,-188,-200,-206,-194,-198,-208,-210,-238,-233,-330,-283,-274,-258,-289,-290,-370,-272,-410,-376,-367,-367,-462,-414,-582,-592]} 1. e4 e5 2. Nf3 Nc6 3. Bb5 g6 4. O-O Bg7 5. c3 a6 6. Ba4 {C60: Ruy Lopez: Unusual Black 3rd moves and 3...g6.} Nge7 7. Re1 O-O 8. d4 {The position is equal.} exd4 9. cxd4 b5 10. Bb3 Na5 {[%cal Bc6a5,Ba5c4,Bc4a3][%mdl 32]} 11. Bc2 d6 12. h3 (12. Nbd2 $14) 12... c5 $11 13. Nc3 Bb7 14. Bf4 ({White should try} 14. d5 $11) 14... Nc4 15. b3 Na3 16. Rc1 {[#]} Nc6 $146 {[%cal Rc6d4]} ({Predecessor:} 16... Rc8 17. Nb1 Nxc2 18. Rxc2 f5 19. Ng5 Bxe4 20. Rce2 Nd5 21. Ne6 Qe7 22. Rxe4 fxe4 {0-1 (36) Acevedo Mendez,J (1758)-Acevedo Mendez,L (1850) San Jose 2015}) 17. Be3 (17. Bg5 $11 f6 18. Bf4) 17... Rc8 {[#] ...cxd4 is the strong threat.} 18. Bb1 Nb4 $36 {[%mdl 2048] Black has the initiative.} 19. dxc5 $2 {White does not recover from this.} (19. Qd2 $15) 19... dxc5 $19 20. Nd5 Nxd5 21. exd5 Nxb1 22. Rxb1 Qxd5 23. Qc2 c4 24. b4 (24. bxc4 {is a better defense.} Rxc4 25. Qe2) 24... Rfe8 25. Rbd1 Qe4 26. Qxe4 Bxe4 27. Nd4 Bd3 28. a3 (28. Nf3 {keeps fighting.}) 28... f5 29. g3 {[#]} g5 $1 {[%mdl 512] Hoping for ...f4!} 30. Nf3 (30. Bxg5 Bxd4) 30... h6 31. Kg2 (31. Kh2 $142) 31... Be4 {Weighted Error Value: White=0.51/Black=0.16} 0-1

[Event "UKR-ch Women 2020"]
[Site "Kherson"]
[Date "2020.12.11"]
[Round "6.7"]
[White "Gaponenko, Inna"]
[Black "Dubovyk, Anastasiia"]
[Result "0-1"]
[WhiteElo "2390"]
[BlackElo "1971"]
[Annotator "TA"]
[PlyCount "82"]
[EventDate "2020.12.06"]
[EventType "swiss"]
[EventCountry "UKR"]
[SourceTitle "playchess.com"]
[Source "ChessBase"]
[SourceQuality "1"]

{[%evp 19,82,13,16,15,16,0,0,0,0,-2,-3,-13,0,-47,-47,-47,-47,-50,-60,-112,-101,-118,-100,-104,-95,-102,-81,-116,-123,-154,-143,-149,-142,-141,-144,-137,-127,-138,-145,-139,-144,-137,-81,-204,-149,-142,-138,-177,-180,-213,-75,-602,-598,-778,-147,-708,-705,-707,-712,-681,-662,-627,-621,-628,-621]} 1. e4 c5 2. c3 Nf6 3. e5 Nd5 4. Nf3 e6 5. Bc4 d6 6. d4 cxd4 7. cxd4 Nc6 8. Qe2 Be7 9. O-O O-O 10. Rd1 Na5 11. Bd3 {B22: Sicilian: 2 c3.} Nb4 12. Nc3 {is now more promising than 12.exd6.} Nxd3 13. Rxd3 {The position is equal.} b6 {Threatens to win with ...Ba6.} 14. b4 {[#]} Nc4 $146 ({Predecessor:} 14... Nc6 15. a3 a6 16. Bf4 f6 17. exd6 Bxd6 18. Bxd6 Qxd6 19. d5 exd5 20. Nxd5 Bf5 {½-½ (26) Wendler,D (1708)-Biastoch,B (1911) Regensburg 2014}) 15. d5 Qe8 16. Qe4 Nxe5 $1 17. Nxe5 {Strongly threatening dxe6.} f5 18. Qc4 {Nc6 is the strong threat.} dxe5 19. Bb2 (19. dxe6 $15 e4 20. Rd1) 19... Bf6 20. f3 Bd7 21. Re1 Qf7 22. Qb3 Rfd8 23. d6 Bc6 24. b5 Bb7 $1 25. Rd2 Rd7 26. Nd1 Rad8 {[%cal Ba8d8,Bd8d6,Bd6d5][%mdl 32]} 27. Bxe5 Bxe5 28. Rxe5 Rxd6 29. Rxd6 Rxd6 30. Ne3 f4 (30... Qd7 $142 31. a4 f4) 31. Nc4 (31. Ng4 $17) 31... Rd5 32. Re1 Qf6 33. Kf1 Qf5 34. Qa3 Qc2 ({Weaker is} 34... Rxb5 35. Qxa7 Qd3+ 36. Kg1 $17) (34... h6 $1 $19 {is more deadly.} 35. h4 Rxb5) 35. Ne5 $2 {[%mdl 8192] [#]} (35. Qb3 $17 Qf5 36. a4) 35... Rd2 $1 $19 36. Ng4 Rd1 $2 {[#]} (36... Bd5 $19 {has better winning chances.} 37. Qe7 Qd3+ 38. Kg1 Rxg2+ $1 {[%mdl 512]} 39. Kh1 h6 $1 {[%mdl 512]} 40. Qd8+ Kh7 $1 {[%mdl 512]} 41. Qxd5 Rxh2+ $1 {[%mdl 512]} 42. Kg1 exd5 43. Nxh2 d4) 37. Rxd1 $4 {[%mdl 8192]} (37. Qb3 $1 $17 {[%mdl 512]} Rxe1+ 38. Kxe1 Qc1+ 39. Qd1) 37... Qxd1+ {Black is clearly winning.} 38. Kf2 Qd2+ 39. Kf1 Bd5 {( -> ...Bc4+)} 40. h3 {and the idea Kg1 leaves White hopeful.} Qd1+ 41. Kf2 Bc4 {Weighted Error Value: White=0.73/Black=0.43} 0-1

[Event "UKR-ch Women 2020"]
[Site "Kherson"]
[Date "2020.12.11"]
[Round "6.8"]
[White "Yeshchenko, Uliana"]
[Black "Martynkova, Olena"]
[Result "1-0"]
[WhiteElo "1872"]
[BlackElo "2222"]
[Annotator "ChessBase"]
[PlyCount "173"]
[EventDate "2020.12.06"]
[EventType "swiss"]
[EventCountry "UKR"]
[SourceTitle "playchess.com"]
[Source "ChessBase"]
[SourceQuality "1"]
[TimeControl "40/5400+30:1800+30"]

1. d4 {[%emt 0:00:00]} Nf6 {[%emt 0:00:06]} 2. Nf3 {[%emt 0:00:00]} c5 {[%emt 0:01:56]} 3. c4 {[%emt 0:00:09]} cxd4 {[%emt 0:02:29]} 4. Nxd4 {[%emt 0:00:17]} b6 {[%emt 0:07:43]} 5. Nc3 {[%emt 0:03:19]} Bb7 {[%emt 0:01:48]} 6. f3 {[%emt 0:09:30]} d6 {[%emt 0:09:16]} 7. e4 {[%emt 0:01:30]} a6 {[%emt 0:02:04]} 8. Be3 {[%emt 0:01:35]} e6 {[%emt 0:02:23]} 9. Be2 {[%emt 0:00:45]} Nbd7 {[%emt 0:01:27]} 10. Rc1 {[%emt 0:02:41]} Be7 {[%emt 0:00:52]} 11. O-O {[%emt 0:03:05]} O-O {[%emt 0:02:01]} 12. Kh1 {[%emt 0:02:34]} Rc8 {[%emt 0:11:11]} 13. Bg1 {[%emt 0:08:25]} Kh8 {[%emt 0:02:50]} 14. b3 {[%emt 0:02:05]} Rg8 {[%emt 0:04:31]} 15. Bd3 {[%emt 0:10:04]} g5 {[%emt 0:03:17]} 16. Nde2 {[%emt 0:02:43]} Bc6 {[%emt 0:12:41]} 17. Ng3 {[%emt 0:08:32]} Rb8 {[%emt 0:09:28]} 18. a4 {[%emt 0:05:40]} Qf8 {[%emt 0:02:53]} 19. Qe2 {[%emt 0:04:23]} Ne5 {[%emt 0:01:56]} 20. Be3 {[%emt 0:06:54]} Qh6 {[%emt 0:06:36]} 21. Kg1 {[%emt 0:02:34]} Nfd7 {[%emt 0:02:40]} 22. Bc2 {[%emt 0:01:58]} Nf8 {[%emt 0:02:04]} 23. Nd1 {[%emt 0:06:25]} Nfg6 {[%emt 0:01:28]} 24. Nf2 {[%emt 0:00:59]} Nf4 {[%emt 0:01:27]} 25. Qd2 {[%emt 0:00:09]} Qh4 {[%emt 0:00:52]} 26. Ng4 {[%emt 0:02:32]} Nxg4 {[%emt 0:01:25]} 27. fxg4 {[%emt 0:00:02]} e5 {[%emt 0:01:53]} 28. Nf5 {[%emt 0:00:58]} Qxg4 {[%emt 0:00:12]} 29. Bxf4 {[%emt 0:01:01]} gxf4 {[%emt 0:00:42]} 30. Nxe7 {[%emt 0:00:11]} Rg5 {[%emt 0:01:02]} 31. Bd1 {[%emt 0:04:37]} Qd7 {[%emt 0:00:52]} 32. Nxc6 {[%emt 0:00:08]} Qxc6 {[%emt 0:00:04]} 33. Bf3 {[%emt 0:00:18]} Rg6 {[%emt 0:00:38]} 34. Rfd1 {[%emt 0:02:12]} Kg7 {[%emt 0:01:39]} 35. Qd5 {[%emt 0:00:50]} Qc5+ {[%emt 0:00:06]} 36. Qxc5 {[%emt 0:00:11]} bxc5 {[%emt 0:00:05]} 37. Rd3 {[%emt 0:00:24]} a5 {[%emt 0:00:52]} 38. h3 {[%emt 0:01:13]} Rb6 {[%emt 0:01:31]} 39. Bg4 {[%emt 0:00:26]} Kf8 {[%emt 0:00:41]} 40. Bf5 {[%emt 0:00:00]} Rg7 {[%emt 0:00:00]} 41. Bd7 {[%emt 0:01:06]} Ke7 {[%emt 0:04:43]} 42. Bb5 {[%emt 0:00:08]} h5 {[%emt 0:03:11]} 43. h4 {[%emt 0:07:42]} Rg4 {[%emt 0:02:28]} 44. Rcc3 {[%emt 0:00:43]} Rb8 {[%emt 0:02:01]} 45. g3 {[%emt 0:06:36]} Rbg8 {[%emt 0:01:47]} 46. Kf2 {[%emt 0:04:48]} f5 {[%emt 0:02:42]} 47. Bc6 {[%emt 0:01:00]} fxg3+ {[%emt 0:07:45]} 48. Rxg3 {[%emt 0:04:23]} f4 {[%emt 0:00:04]} 49. Rxg4 {[%emt 0:01:31]} hxg4 {[%emt 0:00:04]} 50. Rc1 {[%emt 0:00:46]} Rh8 {[%emt 0:01:13]} 51. Rh1 {[%emt 0:00:05]} Rh5 {[%emt 0:01:59]} 52. Bd5 {[%emt 0:00:33]} Kf6 {[%emt 0:01:13]} 53. Bb7 {[%emt 0:00:50]} Rh8 {[%emt 0:02:18]} 54. Bc6 {[%emt 0:00:29]} Rh7 {[%emt 0:05:11]} 55. Kg2 {[%emt 0:01:00]} Rc7 {[%emt 0:00:32]} 56. Bb5 {[%emt 0:00:27]} Rh7 {[%emt 0:00:29]} 57. Be8 {[%emt 0:02:47]} Rb7 {[%emt 0:01:23]} 58. Bb5 {[%emt 0:00:28]} Rh7 {[%emt 0:00:10]} 59. Kf2 {[%emt 0:00:50]} Ke7 {[%emt 0:01:06]} 60. h5 {[%emt 0:01:59]} Kf6 {[%emt 0:01:02]} 61. h6 {[%emt 0:00:05]} Kg5 {[%emt 0:00:29]} 62. Bd7 {[%emt 0:00:23]} g3+ {[%emt 0:00:39]} 63. Kg2 {[%emt 0:00:35]} Rxh6 {[%emt 0:00:07]} 64. Rxh6 {[%emt 0:00:04]} Kxh6 {[%emt 0:00:04]} 65. Bg4 {[%emt 0:00:11]} Kg5 {[%emt 0:00:49]} 66. Bd1 {[%emt 0:00:51]} Kf6 {[%emt 0:01:13]} 67. Kh3 {[%emt 0:00:06]} Kg6 {[%emt 0:00:33]} 68. Be2 {[%emt 0:01:19]} Kh6 {[%emt 0:00:23]} 69. Bf1 {[%emt 0:00:38]} Kg6 {[%emt 0:00:35]} 70. Kg4 {[%emt 0:00:15]} Kf6 {[%emt 0:00:16]} 71. Bg2 {[%emt 0:00:14]} Kg6 {[%emt 0:00:04]} 72. Bf3 {[%emt 0:00:07]} Kf6 {[%emt 0:01:12]} 73. Kh5 {[%emt 0:00:05]} Kf7 {[%emt 0:00:24]} 74. Kg5 {[%emt 0:00:04]} Kg7 {[%emt 0:00:10]} 75. Kf5 {[%emt 0:00:05]} Kf7 {[%emt 0:00:17]} 76. Bh1 {[%emt 0:00:50]} Ke7 {[%emt 0:00:04]} 77. Kg6 {[%emt 0:00:49]} Ke6 {[%emt 0:00:10]} 78. Kg7 {[%emt 0:00:08]} Ke7 {[%emt 0:00:07]} 79. Bf3 {[%emt 0:00:09]} Ke6 {[%emt 0:00:26]} 80. Kf8 {[%emt 0:03:40]} Kf6 {[%emt 0:00:06]} 81. Ke8 {[%emt 0:00:12]} Kg5 {[%emt 0:00:05]} 82. Ke7 {[%emt 0:00:07]} g2 {[%emt 0:00:09]} 83. Bxg2 {[%emt 0:00:05]} Kg4 {[%emt 0:00:05]} 84. Kxd6 {[%emt 0:00:06]} Kg3 {[%emt 0:00:07]} 85. Bf1 {[%emt 0:00:15]} Kf2 {[%emt 0:01:00]} 86. Kxe5 {[%emt 0:00:07]} f3 {[%emt 0:00:04]} 87. Kf4 {[%emt 0:00:06]} 1-0

[Event "UKR-ch Women 2020"]
[Site "Kherson"]
[Date "2020.12.11"]
[Round "6.9"]
[White "Mashchenko, Tamila"]
[Black "Tsirulnik, Maritsa"]
[Result "0-1"]
[WhiteElo "1768"]
[BlackElo "2139"]
[Annotator "ChessBase"]
[PlyCount "132"]
[EventDate "2020.12.06"]
[EventType "swiss"]
[EventCountry "UKR"]
[SourceTitle "playchess.com"]
[Source "ChessBase"]
[SourceQuality "1"]
[TimeControl "40/5400+30:1800+30"]

1. c4 {[%emt 0:00:00]} e6 {[%emt 0:00:00]} 2. Nc3 {[%emt 0:00:00]} d5 {[%emt 0:00:00]} 3. cxd5 {[%emt 0:00:00]} exd5 {[%emt 0:00:00]} 4. d4 {[%emt 0:00:00]} c6 {[%emt 0:00:00]} 5. Nf3 {[%emt 0:02:10]} Bd6 {[%emt 0:02:13]} 6. Bg5 {[%emt 0:02:49]} f6 {[%emt 0:00:24]} 7. Bh4 {[%emt 0:03:24]} Ne7 {[%emt 0:00:09]} 8. Bg3 {[%emt 0:03:06]} Bf5 {[%emt 0:06:01]} 9. Bxd6 {[%emt 0:02:11]} Qxd6 {[%emt 0:00:04]} 10. e3 {[%emt 0:01:39]} Qb4 {[%emt 0:09:38]} 11. Qd2 {[%emt 0:06:01]} Nd7 {[%emt 0:07:07]} 12. Be2 {[%emt 0:07:35]} a5 {[%emt 0:09:06]} 13. O-O {[%emt 0:09:28]} a4 {[%emt 0:08:44]} 14. Nb5 {[%emt 0:14:08]} Qxd2 {[%emt 0:01:56]} 15. Nd6+ {[%emt 0:00:28]} Kd8 {[%emt 0:00:14]} 16. Nxd2 {[%emt 0:00:02]} Kc7 {[%emt 0:03:41]} 17. Nxf5 {[%emt 0:00:18]} Nxf5 {[%emt 0:00:05]} 18. Bd3 Nd6 {[%emt 0:00:15]} 19. Rac1 {[%emt 0:01:40]} f5 {[%emt 0:03:10]} 20. f3 {[%emt 0:10:04]} Rhe8 {[%emt 0:06:15]} 21. Kf2 {[%emt 0:02:12]} b5 {[%emt 0:01:29]} 22. Rc2 {[%emt 0:02:40]} Kb6 {[%emt 0:05:28]} 23. Rfc1 {[%emt 0:03:38]} Rac8 {[%emt 0:01:03]} 24. h3 {[%emt 0:06:20]} c5 {[%emt 0:09:56]} 25. g4 {[%emt 0:01:36]} g6 {[%emt 0:00:37]} 26. gxf5 {[%emt 0:04:53]} c4 {[%emt 0:04:35]} 27. Be2 {[%emt 0:05:02]} Nxf5 {[%emt 0:00:24]} 28. Nf1 {[%emt 0:00:23]} Re7 {[%emt 0:03:14]} 29. b3 {[%emt 0:02:31]} Rce8 {[%emt 0:08:17]} 30. bxa4 {[%emt 0:00:13]} b4 {[%emt 0:00:25]} 31. Rb2 {[%emt 0:02:00]} Ka5 {[%emt 0:00:09]} 32. Rcb1 {[%emt 0:01:33]} Rb8 {[%emt 0:02:42]} 33. Bd1 {[%emt 0:00:33]} Rb6 {[%emt 0:01:14]} 34. Bc2 {[%emt 0:02:14]} Nb8 {[%emt 0:00:55]} 35. Rd1 {[%emt 0:02:56]} Rf6 {[%emt 0:02:42]} 36. Rdb1 {[%emt 0:00:40]} Nc6 {[%emt 0:00:12]} 37. Rd1 {[%emt 0:00:31]} Rfe6 {[%emt 0:02:28]} 38. Bxf5 {[%emt 0:01:45]} gxf5 {[%emt 0:00:04]} 39. Ng3 {[%emt 0:00:51]} Rf6 {[%emt 0:03:20]} 40. Nh5 {[%emt 0:00:00]} Rd6 {[%emt 0:00:00]} 41. Rg1 {[%emt 0:06:11]} Kxa4 {[%emt 0:01:38]} 42. Nf4 {[%emt 0:02:54]} Ka3 {[%emt 0:00:53]} 43. Re2 {[%emt 0:02:15]} Na7 {[%emt 0:02:57]} 44. Rg5 {[%emt 0:02:48]} Nb5 {[%emt 0:08:49]} 45. Rxf5 {[%emt 0:03:39]} Nc3 {[%emt 0:00:20]} 46. Rd2 {[%emt 0:00:23]} Nxa2 {[%emt 0:01:05]} 47. Nxd5 {[%emt 0:08:23]} Ra7 {[%emt 0:00:19]} 48. Nf4 {[%emt 0:04:40]} c3 {[%emt 0:04:41]} 49. Re2 {[%emt 0:00:29]} b3 {[%emt 0:01:39]} 50. Nd3 {[%emt 0:01:11]} c2 {[%emt 0:01:03]} 51. Rc5 {[%emt 0:01:30]} Nb4 {[%emt 0:02:07]} 52. Nxb4 {[%emt 0:00:55]} Kxb4 {[%emt 0:00:03]} 53. Rcxc2 {[%emt 0:00:19]} bxc2 {[%emt 0:00:05]} 54. Rxc2 {[%emt 0:00:01]} Ra3 {[%emt 0:02:20]} 55. Rc7 {[%emt 0:01:27]} h6 {[%emt 0:00:05]} 56. Re7 {[%emt 0:00:23]} Kc4 {[%emt 0:00:41]} 57. f4 {[%emt 0:00:34]} Rd5 {[%emt 0:02:27]} 58. Kf3 {[%emt 0:00:44]} Rxd4 {[%emt 0:00:23]} 59. f5 {[%emt 0:01:23]} Kc5 {[%emt 0:01:32]} 60. f6 {[%emt 0:00:58]} Rd6 {[%emt 0:00:36]} 61. Re5+ {[%emt 0:01:06]} Rd5 {[%emt 0:01:03]} 62. Re6 {[%emt 0:00:10]} Rf5+ {[%emt 0:02:31]} 63. Kg4 {[%emt 0:00:05]} Rf1 {[%emt 0:01:13]} 64. e4 {[%emt 0:00:46]} Kd4 {[%emt 0:00:41]} 65. h4 {[%emt 0:00:27]} Ra5 {[%emt 0:00:38]} 66. f7 {[%emt 0:00:53]} h5+ {[%emt 0:00:08]} 0-1

[Event "UKR-ch Women 2020"]
[Site "Kherson"]
[Date "2020.12.11"]
[Round "6.10"]
[White "Barchuk, Irina"]
[Black "Grineva, Marianna"]
[Result "1-0"]
[WhiteElo "2075"]
[BlackElo "2001"]
[Annotator "TA"]
[PlyCount "71"]
[EventDate "2020.12.06"]
[EventType "swiss"]
[EventCountry "UKR"]
[SourceTitle "playchess.com"]
[Source "ChessBase"]
[SourceQuality "1"]

{[%evp 9,71,46,49,45,58,37,51,27,105,104,102,-15,-16,-22,-20,-49,-58,-56,-56,-58,-48,-68,-37,-70,-37,-27,28,0,0,-6,-11,0,0,0,0,0,0,-229,-207,-217,463,458,424,426,735,608,605,605,602,599,585,561,512,403,403,392,1318,1358,1142,1158,29995,29996,29996,29997]} 1. d4 g6 2. e4 Bg7 3. c4 d6 4. Nc3 Nf6 5. h3 c6 6. Be3 {E71: King's Indian: 4 e4 d6 5 h3.} Nbd7 7. g4 e5 8. d5 {[#] White is slightly better.} c5 $146 (8... Nc5 $11) ({Predecessor:} 8... cxd5 9. cxd5 O-O 10. Nge2 b5 11. Ng3 b4 12. Nb5 Nc5 13. Qc2 Nfxe4 14. Nxe4 Nxe4 15. Qxe4 {1-0 (24) Doshi,M (2399)-Ascic,P (2310) Zadar 2019}) 9. Qd2 h5 10. gxh5 (10. g5 $16 Ng8 11. Nf3) 10... Nxh5 $11 11. Nge2 a6 12. Ng3 Ndf6 13. Bg5 Qa5 14. h4 Bd7 15. a4 Qb4 16. Ra2 Nxg3 17. fxg3 Ng4 (17... Nh5 $142 18. Qg2 f5) 18. Be2 f6 19. Qd1 fxg5 20. Bxg4 Qxc4 21. Bxd7+ Kxd7 22. a5 $1 Qd4 {aiming for ...Raf8.} 23. Qg4+ $2 (23. Qe2 $1 $11 {and White stays safe.} Rac8 24. Rf1) 23... Kc7 $19 {Threatens to win with ...gxh4.} 24. Qe2 {And now Ra4 would win.} Qb4 $4 {[%mdl 8192]} (24... gxh4 $19 {and all is fine.} 25. Ra4 {[#]} hxg3 $1 {[%mdl 576] Discovered Attack}) 25. Ra4 $18 Qb3 26. O-O b5 (26... Kb8 $142 27. Rfa1 (27. hxg5 Ka7 $11) 27... gxh4) 27. axb6+ {[%mdl 64] [#] Discovered Attack} Qxb6 28. Rf7+ {[%mdl 64] Double Attack} Kb8 29. Rxg7 gxh4 30. gxh4 Ra7 {...c4+ is the strong threat.} 31. Rxa7 Kxa7 32. Qf2 Qd8 $2 (32... Rb8 33. Ra2 Qd8) 33. Qf7+ {[%mdl 64] Double Attack} Kb6 34. Ra3 {White wants to mate with Rb3+.} c4 35. Na4+ Ka5 36. Qb7 {Weighted Error Value: White=0.40/Black=0.58} 1-0

[Event "UKR-ch Women 2020"]
[Site "Kherson"]
[Date "2020.12.12"]
[Round "7.1"]
[White "Buksa, Nataliya"]
[Black "Hryzlova, Sofiia"]
[Result "1-0"]
[WhiteElo "2410"]
[BlackElo "2064"]
[Annotator "ChessBase"]
[PlyCount "107"]
[EventDate "2020.12.06"]
[EventType "swiss"]
[EventCountry "UKR"]
[SourceTitle "playchess.com"]
[Source "ChessBase"]
[SourceQuality "1"]
[TimeControl "40/5400+30:1800+30"]

1. e4 {[%emt 0:00:00]} e6 {[%emt 0:01:05]} 2. d4 {[%emt 0:00:00]} d5 {[%emt 0:00:14]} 3. e5 {[%emt 0:00:00]} c5 {[%emt 0:00:45]} 4. c3 {[%emt 0:00:00]} Nc6 {[%emt 0:00:06]} 5. Nf3 {[%emt 0:00:00]} Nge7 {[%emt 0:00:24]} 6. Bd3 {[%emt 0:01:48]} cxd4 {[%emt 0:03:10]} 7. cxd4 {[%emt 0:00:29]} Nf5 {[%emt 0:00:16]} 8. Bxf5 {[%emt 0:01:45]} exf5 {[%emt 0:00:08]} 9. Nc3 {[%emt 0:00:03]} h6 {[%emt 0:00:25]} 10. h4 {[%emt 0:15:08]} Bb4 {[%emt 0:17:55]} 11. Kf1 {[%emt 0:04:01]} O-O {[%emt 0:05:56]} 12. Ne2 {[%emt 0:03:09]} Re8 {[%emt 0:06:35]} 13. Nf4 {[%emt 0:04:57]} Bf8 {[%emt 0:15:44]} 14. Rh3 {[%emt 0:05:08]} b6 {[%emt 0:01:20]} 15. Rg3 {[%emt 0:02:21]} Ba6+ {[%emt 0:11:44]} 16. Kg1 {[%emt 0:00:03]} Rc8 {[%emt 0:00:29]} 17. Bd2 {[%emt 0:03:56]} Qd7 {[%emt 0:03:59]} 18. Nh5 {[%emt 0:02:24]} Re6 {[%emt 0:07:18]} 19. Nf6+ {[%emt 0:01:11]} Rxf6 {[%emt 0:00:07]} 20. exf6 {[%emt 0:00:03]} g6 {[%emt 0:00:45]} 21. Bf4 {[%emt 0:04:04]} Qe6 {[%emt 0:01:51]} 22. Qa4 {[%emt 0:19:29]} Bb7 {[%emt 0:04:19]} 23. Be5 {[%emt 0:08:33]} f4 {[%emt 0:00:35]} 24. Bxf4 {[%emt 0:00:46]} Qxf6 {[%emt 0:00:08]} 25. Be5 {[%emt 0:01:33]} Qf5 {[%emt 0:00:27]} 26. Qb3 {[%emt 0:03:11]} Na5 {[%emt 0:02:30]} 27. Qe3 {[%emt 0:00:04]} Nc4 {[%emt 0:03:19]} 28. Qf4 {[%emt 0:00:04]} Qxf4 {[%emt 0:00:06]} 29. Bxf4 {[%emt 0:00:02]} Nxb2 {[%emt 0:00:15]} 30. Ne5 {[%emt 0:01:35]} h5 {[%emt 0:03:52]} 31. Rf3 {[%emt 0:03:24]} Nc4 {[%emt 0:03:46]} 32. Bg3 {[%emt 0:04:31]} Nd6 {[%emt 0:00:41]} 33. Nd7 {[%emt 0:00:47]} Ne4 {[%emt 0:02:05]} 34. Nxf8 {[%emt 0:00:58]} Kxf8 {[%emt 0:00:13]} 35. Bf4 {[%emt 0:00:20]} Rc4 {[%emt 0:00:55]} 36. Rc1 {[%emt 0:00:40]} a6 {[%emt 0:02:05]} 37. a4 {[%emt 0:00:54]} Bc6 {[%emt 0:00:30]} 38. Rb1 {[%emt 0:05:52]} b5 {[%emt 0:00:29]} 39. axb5 {[%emt 0:00:04]} Bxb5 {[%emt 0:00:27]} 40. Ra3 {[%emt 0:00:00]} Rc6 {[%emt 0:00:00]} 41. Re3 {[%emt 0:10:03]} Rc2 {[%emt 0:05:15]} 42. f3 {[%emt 0:04:20]} Nc3 {[%emt 0:03:05]} 43. Bd6+ {[%emt 0:00:19]} Kg8 {[%emt 0:00:13]} 44. Rbe1 {[%emt 0:00:43]} Ne2+ {[%emt 0:05:10]} 45. Kh1 {[%emt 0:00:06]} Kg7 {[%emt 0:01:53]} 46. Re7 {[%emt 0:02:26]} Ra2 {[%emt 0:03:22]} 47. Be5+ {[%emt 0:02:20]} Kf8 {[%emt 0:00:57]} 48. Bf6 {[%emt 0:00:04]} Rc2 {[%emt 0:01:13]} 49. Rb7 {[%emt 0:00:42]} Ke8 {[%emt 0:00:52]} 50. Kh2 {[%emt 0:01:55]} Bd3 {[%emt 0:01:43]} 51. Re7+ {[%emt 0:01:12]} Kf8 {[%emt 0:00:35]} 52. Rd7 {[%emt 0:00:52]} Bb5 {[%emt 0:01:49]} 53. Rxd5 {[%emt 0:00:41]} Ra2 {[%emt 0:04:44]} 54. Rd8+ {[%emt 0:00:31]} 1-0